000
00419nam a2200157Ia 4500
008
100122s9999 xx 000 0 und d
082
_b
47507
_a
823
100
_a
देसाई रणजित
245
_a
अभोगी
250
_a
2
260
_b
मेहता पब्लिकेशन हाऊस
_c
1993
300
_a
244
630
_a
अभोगी
730
_a
अभोगी
942
_c
BOOK
999
_c
426324
_d
426321